000 00285nam a22001337a 4500
008 6b xxu||||| |||| 00| 0 eng d
020 _a180220721616666
041 _aeng
080 _a61
100 _a3
101 _aSHM
245 _aTextbook of medicine
_cBeeson,P.B
942 _2udc
_cBK
999 _c43523
_d43523